000 00480nam a2200205Ia 4500
003 0100
008 130307s9999 xx 000 0 und d
020 _a0764800280
040 _cARRUPELIB
050 _aBX2179.L7W83 1997
100 _aIgnatius of Loyola
245 4 _aThe spiritual exercises of Saint Ignatius
260 _aMissouri
260 _bTriumph
260 _c1997
300 _axvii
300 _b236p. 23cm.
700 _aWolff, Pierre (tr.)
942 0 0 _017
999 _c86798
_d86798